| 000 | 00666nam a2200241Ia 4500 | ||
|---|---|---|---|
| 003 | OSt | ||
| 005 | 20250219145125.0 | ||
| 008 | 008 250107s9999 xx 000 0 eng d | ||
| 020 | _a978-81-19206-12-4 | ||
| 037 | _aREF | ||
| 040 |
_aCRL _beng _cCRL |
||
| 041 |
_aeng _2eng |
||
| 084 | _a23z7 P9,2 | ||
| 084 | _qCRL | ||
| 245 | 0 |
_aProminent kayasthas _cby Swaraj Bahadur Saxena (Compiled & Ed.) |
|
| 260 |
_aDelhi, India: _bAdvik Publication, |
||
| 300 | _a248p. | ||
| 365 |
_aINR _b2050.00 |
||
| 650 | _aSOCIOLOGY | ||
| 700 |
_aSaxena, Swaraj Bahadur (Compiled & Ed.) _9735032 |
||
| 942 |
_cREF _h23z7 P9,2 _2CC _n0 |
||
| 999 |
_c1235853 _d1235853 |
||